Quiz sur Dubrovnik - Statistiques

Statistiques générales
  • Ce quiz a été pris 15 fois
    10 depuis la dernière actualisation
  • Le résultat moyen est 6 sur 22
Statistiques - réponses
Question Réponse % Correct
Quelle est la localisation de Dubrovnik en Croatie ? (Nord, Sud, Est Ouest) au sud
100%
Quelle mer borde Dubrovnik ? Mer Adriatique
78%
Durant la guerre froide, à quelle Etat Dubrovnik est-elle rattachée ? la Yougoslavie
56%
Quelle célèbre série a tournée quelques uns de ses épisodes à Dubrovnik ? Games of Throne
44%
Quel menace pèse à long terme sur Dubrovnik ? la montée des eaux
44%
Quelle activité économique représente aujourd'hui un quart de son PIB ? le tourisme
44%
Quel est l'ancien nom de Dubrovnik ? Raguse
44%
Sous la tutelle de quelle autre puissance passe-t'elle en 1358 après la quatrième croisade ? Venise
44%
Par quel empire est-elle annexée par la force en 1808 ? l'Empire Français
33%
A quel nouveau problème lié à son activité économique Dubrovnik doit-elle faire face aujourd'hui ? le surtourisme
33%
La vieille ville de Dubrovnik est placée sur des falaises, que se trouve t'il au bord de ses falaises du nord à l'Ouest de la ville ? des remparts
22%
Quel était anciennement le statut de cette cité ? La République de Raguse
22%
A quelle pratique Dubrovnik est-elle la première en Europe à mettre fin en 1416 ? l'esclavage
22%
Quelle était alors la principale activité économique de Dubrovnik ? le commerce maritime
11%
Comment appelle t'on ses habitants ? Ragusains
11%
Comment peut-on qualifier Dubrovnik par rapport au reste de la Croatie de part sa position géographique ? Isolée
0%
Quelle est la devise de Dubrovnik ? La liberté ne se vend pas même pour tout l'or du monde.
0%
Lors de la guerre d'indépendance de la Croatie, par quelle armée Dubrovnik a-t-elle été assiégée de décembre 1991 à mai 1992 ? l'armée populaire yougoslave
0%
Quel quartier de Dubrovnik est classé à l'UNESCO ? la Vieille Ville
0%
Sous la tutelle de quelle puissance est-elle placée à sa création au VIIIème siècle? l'Empire Byzantin
0%
Quel objet Dubrovnik a t'elle interdit pour réduire la pollution sonore ? les valises à roulettes
0%
Quel célèbre poète et auteur a été tué durant le siège et le bombardement de la vieille ville ? Milan Milišić
0%
Aucun quiz correspondant
Distribution des résultats
% des personnes avec chaque résultat
Percentile par nombre de réponses
Votre historique - résultats
Vous n’avez pas pris ce quiz depuis la dernière actualisation